00529cam8a220016900 4500001001200000008004100012035001900053050001900072100003300091245005300124260002900177490002700206504003200233650003300265949004400298999001700342lcf00066832760524s1974 fr b 000 0 fre  a(Sirsi) r417520 aP 151 NIQ 19741 aNique, Christian.6A102164.110aInitiation methodique a la grammaire generative. aParis,bA. Colinc[1974]0 aLinguistique6S13080.1 aBibliography: p. 171-[173]. 0aGenerative grammar.6S3802.1 aP151wlcci-50799mMAINtBOOKlON-SHELF c95134d95134